00816cam a22002411 450000100060000000300080000600500170001400800410003103500190007203500190009104000560011004100080016608200130017410000550018724500480024226000310029030000310032150400360035265000230038894200120041199900170042395201340044011747BD-RjUL20211208235157.0140127s1953 nyua b 001 0 eng d a(BD-RjUL)11796 a(OCoLC)1408122 aDLCcCtWeharUdOCoLCdUkdWU-MdDLCd(BD-RjUL)beng aeng00a612bSCG1 aScheer, Bradley T.q(Bradley Titus),d1914-93636410aGeneral physiology /cBy Bradley T, Scheer, aNew York :bWiley ,cc1953 a613 p. :billus. ;c24 cm. aIncludes bibliography and Index 0aPhysiology.936365 2ddccBK c11747d11747 00102ddc40718NFICaRUCLbRUCLcReadingd1965-05-25eParamount Giftl0o612 SCG 1953r2014-01-27 00:00:00tC-1w2014-01-27yBK